La Perspectiva de género en el ámbito policial: el caso de Nicaragua /

Salvato in:
Dettagli Bibliografici
Autore principale: Sacasa Gurdián, Eva
Natura: testo
Soggetti:
Tags: Aggiungi Tag
Nessun Tag, puoi essere il primo ad aggiungerne!!

MARC

LEADER 00000 a a2200000 04500
001 4998
003
040
100 |a Sacasa Gurdián, Eva  
245 |a La Perspectiva de género en el ámbito policial: el caso de Nicaragua /  |c Eva Sacasa Gurdián 
650 |a SEGURIDAD SOCIAL  
650 |a POLICIA  
650 |a IGUALDAD DE GENERO  
650 |a POBREZA  
650 |a SEXO  
650 |a POLICIA  
650 |a DIVISION DEL TRABAJO  
650 |a EDUCACION  
773 |g número 39; páginas 6-12  
999 |c 25022  |d 25022